Intense Elder Scrolls Test - Statistics

General Stats
  • This quiz has been taken 152 times
    54 since last reset
  • The average score is 170 of 336
Answer Stats
Hint Answer % Correct
Akatosh
100%
Alduin
100%
Dibella
100%
Mara
100%
Azura
97%
Hermaeus Mora
97%
Mehrunes Dagon
97%
Sheogorath
97%
Talos
97%
Xen
97%
Zenithar
97%
Meridia
93%
Molag Bal
93%
Morrowind
93%
Oblivion
93%
Oblivion Mobile
93%
Padomay
93%
Redguard
93%
Skyrim
93%
Stendarr
93%
Altmer
90%
Black Marsh
90%
Bosmer
90%
Daggerfall
90%
Dunmer
90%
Imperial
90%
Julianos
90%
Kynareth
90%
Kyne
90%
Nord
90%
Sanguine
90%
Arena
86%
Boethiah
86%
Clavicus Vile
86%
Dragonborn
86%
Mephala
86%
Tamriel
86%
Vivec
86%
Argonian
83%
Arkay
83%
Breton
83%
Conjuration
83%
Destruction
83%
Hircine
83%
Last Dragonborn
83%
Malacath
83%
Mundus
83%
Namira
83%
Nocturnal
83%
Online
83%
Orsimer
83%
Peryite
83%
Sheor
83%
Alteration
79%
Anu
79%
Dawnguard
79%
Hero of Kvatch
79%
Illusion
79%
Jyggalag
79%
Khajiit
79%
Magnus
79%
Paarthurnax
79%
Secunda
79%
Shivering Isles
79%
Summerset Isles
79%
Vaermina
79%
Akavir
76%
Almalexia
76%
Cyrodiil
76%
Dagoth Ur
76%
Falmer
76%
Hammerfell
76%
Hearthfire
76%
High Rock
76%
Hist
76%
Masser
76%
Restoration
76%
Solitude
76%
The Imperial City
76%
Valenwood
76%
Elsweyr
72%
Morndas
72%
Nerevarine
72%
Sotha-Sil
72%
The All-Maker
72%
The Atronach
72%
The Lady
72%
The Lord
72%
The Lover
72%
The Mage
72%
The Thief
72%
Aetherius
69%
Miraak
69%
Mysticism
69%
Odahviing
69%
The Tower
69%
The Warrior
69%
Aldmer
66%
1E 242: This woman, along with two others, leads a slave rebellion against their Elven opressors Alessia
66%
Atmora
66%
Auri-El
66%
Blades
66%
Nir
66%
Sep
66%
The Serpent
66%
4E 201: A civil war begins, fought between the Empire and a rebellion led by this Man Ulfric Stormcloak
66%
Yokuda
66%
Battlespire
62%
Coldharbour
62%
Dwemer
62%
Legends
62%
Lorkhan
62%
Maormer
62%
Reman
62%
3E 433: Invasion of Tamriel by the Daedric Prince of Destruction The Oblivion Crisis
62%
The Steed
62%
The Void
62%
Merethic Era: This Man leads his 500 Companions to colonize northern Tamriel Ysgramor
62%
Durnehviir
59%
Knights of the Nine
59%
Lord Harkon
59%
Mankar Camoran
59%
Mannimarco
59%
4E 5: This volcano erupts on the island of Vvardenfell Red Mountain
59%
The Apprentice
59%
The Shadow
59%
Tirdas
59%
Tribunal
59%
Aldmeris
55%
Bloodmoon
55%
Jagar Tharn
55%
Morihaus
55%
Pyandonea
55%
Sentinel
55%
3E 0: Following the unification of all Tamriel, the emperor Tiber begins this dynasty and declares the start of a new era Septim Dynasty
55%
The Vestige
55%
Turdas
55%
4E 122: This cliff-side city suffers a "Great Collapse" causing most of it to wash away in the Sea of Ghosts Winterhold
55%
2E 893: This future queen is born in the city of Mournhold Barenziah
52%
Chimer
52%
Deadlands
52%
Eternal Champion
52%
First Seed
52%
Fredas
52%
Ithelia
52%
Last Seed
52%
Orsinium
52%
1E 243: This leader of the slave rebellion slays the Elven king Pelinal Whitestrake
52%
Shadowkey
52%
Tsun
52%
Umaril the Unfeathered
52%
Ayleid
48%
Frost Fall
48%
Goblin-ken
48%
Mirmulnir
48%
3E 119: This future "mad" emperor is born Pelagius Septim III
48%
Ruptga
48%
Sundas
48%
Tang Mo
48%
Trinimac
48%
Tsaesci
48%
Ysmir
48%
Alfiq
45%
Alinor
45%
Cathay
45%
Imga
45%
Ius
45%
Kanuryai
45%
Padomaic
45%
Satak
45%
The Adversary
45%
1E 0: This dynasty is founded by King Eplear, beginning the First Era The Camoran Dynasty
45%
Thras
45%
Xarxes
45%
Blacklight
41%
Cathay-raht
41%
Cyrus
41%
HoonDing
41%
Jephre
41%
Kothringi
41%
Loredas
41%
Middas
41%
Orkey
41%
Phynaster
41%
Sahloknir
41%
Syrabane
41%
Thaumaturgy
41%
2E 582: Invasion of Tamriel by the Daedric Prince of Domination The Planemeld
41%
The Ritual
41%
Colored Rooms
38%
Jode
38%
Jone
38%
Lilmothiit
38%
Mane
38%
Moonshadow
38%
Quagmire
38%
Rimmen/Torval
38%
Sahrotaar
38%
Senche
38%
Shezarr
38%
Stuhn
38%
Suthay
38%
Suthay-raht
38%
Alfiq-raht
34%
Alkosh
34%
Baan Dar
34%
Hunting Grounds
34%
Kamal
34%
Ka Po'Tun
34%
Lorkhaj
34%
Merid-Nunda
34%
Midyear
34%
Minotaur
34%
Satakal
34%
The Pits
34%
1E 800: This city is founded on the Iliac Bay Wayrest
34%
Apocrypha
31%
Ashpit
31%
Birdfolk
31%
Centaur
31%
Eltheric
31%
Evening Star
31%
Jhunal
31%
Lord Woodborne
31%
Nahagliiv
31%
Stormhold
31%
1E 2200: This plague begins its course in wiping out half of Tamriel's population The Thrassian Plague
31%
Atak
28%
Evergloam
28%
Falinesti
28%
Forgotten Hero
28%
Leki
28%
Lyg
28%
Mauloch
28%
Morning Star
28%
Morwha
28%
Naaslaarum
28%
Rain's Hand
28%
Rajhin
28%
Senche-raht
28%
Sun's Dusk
28%
Sun's Height
28%
3E 389 - 399: An Imperial Battlemage imprisons Emperor Uriel VII in Oblivion The Imperial Simulacrum
28%
Voslaarum
28%
Vulthuryol
28%
Xero-Lyg
28%
Alkhan
24%
Atakota
24%
Boethra
24%
Dagi
24%
Dagi-raht
24%
Dreugh
24%
Helstrom
24%
Hero of Daggerfall
24%
3E 288: Emperor Uriel V is killed in battle at ___ Ionith
24%
Ja-Kha'jay
24%
Khenarthi
24%
Kota
24%
Kruziikrel
24%
Magrus
24%
Mnemo-Li
24%
Pahmar
24%
Relonikiv
24%
Riddle'Thar
24%
Roscrea
24%
Second Seed
24%
Sheggorath
24%
Spiral Skein
24%
Sun's Dawn
24%
Merethic Era: This Aldmeri explorer charts the sea-lanes of Tamriel, and the River Niben Torval the Pilot
24%
Tu'whacca
24%
Varmiina
24%
Vuljotnaak
24%
Akha
21%
Amiel Richton
21%
Fields of Regret
21%
Harpy
21%
Krosulhah
21%
Lamia
21%
Londa-Vera
21%
Lord Naarifin
21%
Merrunz
21%
Mirrormoor
21%
Myriad Realms of Revelry
21%
Noctra
21%
Orkha
21%
Orma
21%
Pahmar-raht
21%
Sangiin
21%
Sheza-Rana
21%
Soul of Conflict
21%
1E 1200: This Dragon Break, which would lastfor 1,008 years begins The Middle Dawn
21%
The Prime Archon
21%
Una
21%
Unala-Se
21%
Viinturuth
21%
Wilderking
21%
Attribution's Share
17%
Cathnoquey
17%
Dragonling
17%
Gehenoth Thriceborn
17%
Iana-Lor
17%
Master Tunnel Rat
17%
Quintus Varus
17%
1E 2920: The First Era draws to an end with the assassination of this emperor Reman Cyrodiil III
17%
Scuttling Void
17%
Sethiete
17%
Tava
17%
2E 284: This inn is founded on the island of Stros M'Kai The Draggin Tail Inn
17%
Dawn Era: War fought between two tribes ("Old" and "Travelling/Wandering") of this primordial race The Ehlnofey War
17%
Umbra'Keth
17%
Valia-Sha
17%
Yespest
17%
Akel
14%
Diagna
14%
Esroniet
14%
Faun
14%
Hadolid
14%
Hero of Dawnstar
14%
Malooc
14%
Onsi
14%
Reymon Ebonarm
14%
Yneslea
14%
Zeht
14%
Celemaril Light-Bringer
10%
Horwalli
10%
Ravan
10%
Nalonga
7%
No matching quizzes found
Score Distribution
Percent of People with Each Score
Percentile by Number Answered
Your Score History
You have not taken this quiz since the last reset